East Asian finance the road to robust markets /

Bibliographic Details
Main Author: Ghosh, Swati R.
Corporate Author: ProQuest (Firm)
Format: Electronic eBook
Language:English
Published: Washington, DC : World Bank, c2006.
Subjects:
Online Access:Click to View
LEADER 01385nam a2200385Ia 4500
001 EBC459467
003 MiAaPQ
005 20200520144314.0
006 m o d |
007 cr cn|||||||||
008 060720s2006 dcua sb 001 0 eng d
010 |z  2006023145 
020 |z 0821367439 
020 |z 9780821367438 
020 |a 0821367447 (electronic bk.) 
020 |a 9780821367445 (electronic bk.) 
024 3 |z 9780821367438 
035 |a (MiAaPQ)EBC459467 
035 |a (Au-PeEL)EBL459467 
035 |a (CaPaEBR)ebr10137778 
035 |a (CaONFJC)MIL56465 
035 |a (OCoLC)560477241 
040 |a MiAaPQ  |c MiAaPQ  |d MiAaPQ 
050 4 |a HG187.E37  |b G45 2006 
100 1 |a Ghosh, Swati R. 
245 1 0 |a East Asian finance  |h [electronic resource] :  |b the road to robust markets /  |c Swati R. Ghosh. 
260 |a Washington, DC :  |b World Bank,  |c c2006. 
300 |a xii, 217 p. :  |b ill. 
504 |a Includes bibliographical references (p. 209-211) and index. 
533 |a Electronic reproduction. Ann Arbor, MI : ProQuest, 2015. Available via World Wide Web. Access may be limited to ProQuest affiliated libraries. 
650 0 |a Finance  |z East Asia. 
650 0 |a Financial institutions  |z East Asia. 
655 4 |a Electronic books. 
710 2 |a ProQuest (Firm) 
856 4 0 |u https://ebookcentral.proquest.com/lib/matrademy/detail.action?docID=459467  |z Click to View